MDQL
is popping MORE tags! Check the
thread
!
Quizzes
Events
Quiz Creation
Community
Videos
Private Events
Remove Ads
Sign In
Join for FREE
Feedback
Dark Mode
Quiz Categories
Sports
Geography
Music
Movies
Television
Just For Fun
Miscellaneous
History
Literature
Language
Science
Gaming
Entertainment
Religion
Holiday
For Kids
Quiz Lab
Recent
Popular Today
Quiz Kudos Today
Editor Picks
Curator Picks
Quizzes by...
Day
Popularity
Type
Ratings
Length
Year
Community
Subscriptions
Recent Discussions
Orange Saloon
Badges
Playlists
Quests
Create
Leaderboards
Showdown
Live 5
Trivia Bingo
Activity
Puzzle Library
Sporcle Events
Private Events
Virtual Trivia
Globe League
Become a Host
Pub Owners
SporcleCon
Opinionation
Our Games
Videos
Blog
Mobile Apps
Partnerships
Remove Ads and Go Orange
Feedback
History
US Presidents
World Leaders
Politics
Nation
Discovery
War
Decade
Year
Century
Biography
Art
History
US Presidents
World Leaders
Politics
Nation
Discovery
War
Decade
Year
Century
Biography
Art
Random Quiz
Search Sporcle
×
Quiz Lab
Quiz Lab
History
Notable
Type in answers that appear in a list
Type in answers that appear in a list
Classic
Best Score? Go Orange.
Notable People and What They Did Stats
Can you name the notable people and what they did during the 1830s, 40s, and 50s?
By
FranciscoJGarcia
5m
23 Questions
41 Plays
41 Plays
41 Plays
Comments
Comments
Give Quiz Kudos
Give Quiz Kudos
-
- Ratings
hide this ad
Forced Order
Answers have to be entered in order
Answers have to be entered in order
Replay
Link that replays current quiz
Next Quiz
Link to next quiz in quiz playlist
You Got
0%
They Got
Avg Score
22%
Avg Friend Score
Upgrade to see
Score Distribution
Jump to the score distribution portion of the page
Score
0/23
Timer
05:00
0
Plays Today
Hint
% Correct
A group of immigrants considered to be drunken, ignorant, Catholic, and brawlers
Irish
92.7%
A group of immigrants considered to be sober, hard-
working, and literate protestants
Germans
53.7%
Famous man who invented the cotton gin
Eli Whitney
51.2%
The Church of Jesus Christ of Latter Day Saints is also known as what?
Mormons
46.3%
Who was their first leader?
Joseph Smith
46.3%
Who was their second leader?
Brigham Young
43.9%
What was a main belief that prevented them from becoming a state?
Polygamy
39%
A group of Americans who viewed new immigrants as a threat.
Nativists
29.3%
Author of 'Self-
Reliance'
Ralph Waldo Emerson
22%
One of three educational reformers who proposed better school houses, teachers pay, and a curriculum expansion
Horace Mann
19.5%
Female reformer who personified a reform to create 'hospitals' for mentally-
ill people that lived along with criminals in prison.
Dorothea Dix
14.6%
Group of girls who began to break the 'cult of domesticity' by working at textile mills for a small wage
Lowell girls
9.8%
Hint
% Correct
One of two nativist groups.
The Order of the Star Spangled Banner
7.3%
Famous man who dressed as a woman to smuggle blueprints.
Samuel Slater
7.3%
What did he steal?
Blueprints for textile mill
4.9%
What is he known as?
'Father of the American Industrial Revolution'
4.9%
More importantly, he is known for creating what?
Interchangeable Parts
4.9%
One of three important characterizations of Transcendentalists.
Deists
4.9%
Author of 'Walden Pond' who decided to live for an entire summer at this pond.
Henry David Throeau
4.9%
How did he become the second leader?
Smith got killed
4.9%
One of two female educational reformers.
Emma Willard
4.9%
Author of '10 Nights in a Barroom and What I Saw There'
T.S. Arthur
4.9%
Author of 'Notable People and What They Did'
Francisco Garcia
4.9%
Quiz Playlist
Details
Report
Send in Message
Add To Playlist
Classic:
Type in answers that appear in a list
Forced Order:
Answers have to be entered in order
Last Updated: Feb 16, 2017
Quiz Scoreboard
CHALLENGE
Sign Up to Join the Scoreboard
Show All
Scores
Hide
Comments
May contain spoilers
Recently Published
Two Season TV Shows II
by 123Four
Television
10m
Image Sorting: Flags VI
by Barbecue
Geography
2m
Find the 'City' Movie
by crazypaving
Movies
60s
More to Explore
Quiz From the Vault
Featured Blog Post
14 Easter Pick-up Lines to Find Eggs With
hide this ad
You Might Also Like...
Tags
1940s
1950s
Notable
Today's Top Quizzes in History
Browse History
hide this ad
Today's Top Quizzes in Notable
Browse Notable
Top Contributed Quizzes in History
1
I Am Born On March 29th
2
Order Up: 1000 Years of World Events I
3
US National Parks Named After People
4
Popular People in 1991
5
Popular People in 1951
6
Popular People in 1941
7
Popular People in 1981
8
Popular People in 1921
9
Popular People in 1986
10
Popular People in 1976
Explore More
Trending Topics
Crossword
Kpop
NBA
Harry Potter
Marvel
Anime
Disney
WWE
Song
Puzzle
The Office
Pokémon
Country
Soccer
NFL
hide this ad
More By:
FranciscoJGarcia
Quiz
Plays
Rating
Category
Featured
Created
Jacksonian Presidency People and Events
43
History
Oct 26, 2011
Notable People and What They Did
41
History
Oct 26, 2011
Go to Creator's Profile
Score Distribution
Quiz Creator Spotlight
FranciscoJGarcia
Follow
Send a Message
Quizzes Created
-
Created Quiz Play Count
-
More By This Creator
Popular Quizzes Today
1
Colored Red Africa Blitz
2
Find the US States - No Outlines Minefield
3
Find the 'City' Movie
4
5x2 Blitz: Bands
5
The Countries of the World
6
Find the US States
7
Find the Countries of Europe - No Outlines Minefield
8
US States
More History Quizzes
The Lines & Walls That Separate Us
Published
Trending Quizzes
Colored Red Europe Blitz I
Colored Red Africa Blitz II
Colored Red Europe Blitz II
Colored Red Africa Blitz III
Colored Red Europe Blitz III
Recently Updated
How Do You Spell That?
pecheneg
Godzilla Movies
pecheneg
Grab Bag: 4-10 Letters
pecheneg
2024 March Madness Bracket
pecheneg
Famous TV Couples
Peacemaker
Champions League XIs: Real Madrid
pecheneg
Largest US Cities 1790-2010
pecheneg
Rides in Walt Disney World
pecheneg
Most Oscar Losses (Acting)
pecheneg
Beyoncé Albums
pecheneg
Trending Topics
Anime
Harry Potter
Kpop
NBA
Disney
Crossword
Marvel
WWE
Country
Soccer
NFL
The Office
Puzzle
Song
Pokémon
Your Account Isn't Verified!
In order to create a playlist on Sporcle, you need to verify the email address you used during registration. Go to your
Sporcle Settings
to finish the process.
Report this User
Report this user for behavior that violates our
Community Guidelines
.
Details:
Send Report
Go to the Sporcle.com Mobile Site →
Comments